000 00381pab a2200157 454500
008 180718b2012 xxu||||| |||| 00| 0 eng d
100 _aSunanda, G. Mary
245 _aBharat Nirman volunteering: Is it a faour?
260 _c2012
300 _ap.17-19.
362 _aDec
650 _aEconomic and social development
773 _aKurukshetra
908 _aN
909 _a98316
999 _c98315
_d98315